000 00958cam a2200169 4500
001 WB3812-20
008 020403n2002 000 0 eng u
035 _a(Sirsi) u117315
245 _aLandlord and tenant - rent review
260 _c2002
490 _aEstates Gazette Case Summaries
_v[2002] 12 EG 134 (CS)
520 _a"First Property Growth Parnership LP v Royal & Sun Alliance Property Services Ltd", ChD 8 March 2002. Defendant tenant (R) occupied offices under a 35-year lease. The landlord acquired the reversion of the lease but R disputed the validity of the notice contending it had to be given no later than 6 May 2000. Notice was declared invalid despite there being no date specified in the lease as the last date upon which a notice could be served.
590 _aWB
650 _aFIRST PROPERTY GROWTH PARTNERSHIP LP V ROYAL AND SUN ALLIANCE PROPERTY SERVICES LTD
690 _aLANDLORD AND TENANT-RENT REVIEWS-CASE LAW
942 _n0
999 _c69891
_d69891